Statistics for Autonomous Regions: Macau

Click here to take the quiz!

General Stats

  • This quiz has been taken 69 times
  • The average score is 9 of 12

Answer Stats

HintAnswer% Correct
Country where Macau is locatedChina
96%
Country that colonized Macau until 1999Portugal
93%
Portuguese
89%
LanguagesCantonese
84%
Sea that surrounds MacauSouth China Sea
84%
Thus, its main industry is ________Gambling
74%
Across the above river's estuary from this semi-autonomous regionHong Kong
72%
Known as the ___ _____ of AsiaLas Vegas
72%
Main ethnic groupHan Chinese
63%
If Macau were a country, it would be the most _______ _________ country in the worldDensely populated
53%
River that flows by MacauPearl River
53%
Popular annual motor race on city streetsMacau Grand Prix
35%

Score Distribution

Percentile by Number Answered

Percent of People with Each Score

Your Score History

You have not taken this quiz